Ukrainian Football Top 4 - Statistics

General Stats
  • This quiz has been taken 22 times
  • The average score is 10 of 35
Answer Stats
Answer % Correct
Dynamo Kyiv
100%
Shakhtar Donetsk
90%
Dnipro
75%
Zorya Luhansk
65%
Metalist Kharkiv
60%
Chornomorets
40%
FC Oleksandriya
40%
Vorskla Poltava
40%
Karpaty Lviv
35%
Kolos Kovalivka
35%
Kryvbas Kryvyi Rih
35%
Tavriya Simferopol
30%
Arsenal Kyiv
25%
Inhulets Petrove
25%
Olimpik Donetsk
25%
SC Dnipro-1
25%
Ahrobiznes Volochysk
20%
Desna Chernihiv
20%
FC Mynai
20%
FC Volyn Lutsk
20%
Veres Rivne
20%
CSKA Kyiv
15%
FC Mariupol
15%
Metalurh Donetsk
15%
Nyva Vinnytsia
15%
Zirka Kirovohrad
15%
Kremin Kremenchuk
10%
Metalurh Mariupol
10%
MFC Mykolaiv
10%
Polissia Zhytomyr
10%
Sevastopol
10%
Torpedo Zaporizhia
10%
Illychivets Mariupol
5%
Metalurh Zaporizhzhia
5%
Slavutych Cherkasy
5%
No matching quizzes found
Score Distribution
Percent of People with Each Score
Percentile by Number Answered
Your Score History
You have not taken this quiz